000 00631nam a22002417a 4500
001 0011786
003 DO-SdBPM
005 20250523133555.0
007 0011786
008 161117b20uu sp ||| 00| 0 spa d
020 _a9788430571253
040 _aDO-SdBPM
_bspa
_cBPMSU
082 4 _a 808.83
_bP981
_222
245 _aPulgarcito
260 _aMadrid :
_bSusaeta ediciones,
_c[200-?]
300 _a16 p. :
_bil,
_c30 cm.
490 0 _aArlequín
590 _aInventariado, 2025/VM
650 4 _aCuentos infantiles
650 4 _aLibros ilustrados para niños
910 _aVmateo V. Control de calidad. BPMSU
942 _2ddc
_cBK
999 _c11995
_d11995